Online Catalogue and eLibrary

Lets work together for the protection of human rights of Filipino women (Record no. 2492)

MARC details
000 -LEADER
fixed length control field 00586nam a2200157Ia 4500
005 - DATE AND TIME OF LATEST TRANSACTION
control field 20240416043513.0
008 - FIXED-LENGTH DATA ELEMENTS--GENERAL INFORMATION
fixed length control field 240331s9999 xx 000 0 und d
082 ## - DDC Classification
Item Number - Author Mark LET
Class No. 323.4
245 #0 - TITLE STATEMENT
Title Lets work together for the protection of human rights of Filipino women
Remainder of title A documentation Report on the Human Rights Situation of Filipino Women /
Statement of responsibility, etc. Gabriela Women's Comission on Human Rights .
260 ## - PUBLICATION, DISTRIBUTION, ETC.
Place of publication, distribution, etc. Philippines;
Name of publisher, distributor, etc. Gabriela women's Commission on Human Rights /
Date of publication, distribution, etc. 1989.
300 ## - PHYSICAL DESCRIPTION
Extent (e.g. Volumes, Pages etc.) 116 p.,
650 ## - SUBJECT ADDED ENTRY--TOPICAL TERM
Topical term or geographic name entry element Women
650 ## - SUBJECT ADDED ENTRY--TOPICAL TERM
Topical term or geographic name entry element Human Rights
700 ## - ADDED ENTRY--PERSONAL NAME
Personal name Marciano, Marie.
Relator term (Role) Editor
942 ## - Koha item type (Biblio)
Koha item type Books in Stacks (Lending)
Holdings
Lost status Damaged status Collection code Home library Current library Shelving location Date acquired Full call number Accession Number Item type
    Lending WERC Library WERC Library Social Science Cupboard 03/31/2024 323.4 LET 366 Books in Stacks (Lending)

© WERC Library